000 01238 a2200217 4500
001 57964
005 20260407155839.0
008 260407a1987 arg spa d
003 AR-UNSa-BCEJYS
040 _aAR-UNSa-BCEJYS
_bspa
_cAR-UNSa-BCEJYS
080 _a332.1
_xEconomía regional. Economía territorial
245 1 0 _aEl proceso de integración Argentina- Brasil en el contexto latinoamericano
264 1 _aBuenos Aires :
_bFundación Friedrich Ebert
_c1987
300 _a31 p.
_c21 cm.
505 _aParte I : introducción / Parte II : antecedentes - 1. La marcha de la integración regional - 2. La relación institucional - 3. El comercio internacional - 4. La relación bilateral / Parte III : el acta de integración - 1. El protocolo de bienes de capital - 2. El protocolo - 3. Evolución del intercambio de bienes de capital - 3. Potencial del intercambio de bienes de capital - 4. Protocolo de asuntos financieros - 5. Fondo de inversiones - 6. Protocolo de empresas binacionales - 6. Protocolo de expansión del comercio / Parte IV : pasos a dar en la integración
942 _cBK
590 _aniveau_biblio:m niveau_hierar:0
100 1 _aDudiuk, Pedro
700 1 _aPreiss, Osvaldo
700 1 _aSalerno, Horacio
999 _c6347
_d6347